| 000 | 00407nam a22001337a 4500 | ||
|---|---|---|---|
| 020 | _a0-07-057449-9 | ||
| 082 | _a621.3815284 DES'E | ||
| 100 |
_aEVANS, ARTHUR D _975444 |
||
| 245 | _aDESIGNING WITH FEILD EFFECT TRANSISTORS SILICONIX IN C | ||
| 260 |
_aNEWYORK _bMCGRAW HILL _c1981 |
||
| 300 | _a293P | ||
| 650 |
_aFEILD EFFECT TRANSISTOR TRANSISTOR CIRCUIT ELECTRONIC CIRCUIUT DESIGN _975445 |
||
| 942 | _cBK | ||
| 999 |
_c580853 _d580853 |
||